Computer networking bible : 3 in 1. The complete crash course to effectively design, implement and manage networks. Including sections on security, performance and scalability /

"Specially written for the non-tech-savvy user, this concise and comprehensive handbook reveals how you can design, implement, and manage any computer network. Inside, you’ll discover the essential hardware that forms the backbone of a computer network, the must-know protocols that keep everyth...

Deskribapen osoa

Xehetasun bibliografikoak
Egile nagusia: Worely, Rick C. (Egilea)
Formatua: Liburua
Hizkuntza:English
Argitaratua: [Place of publication not identified] : Rick C. Worley, 2024.
Gaiak:
Classic Catalogue: View this record in Classic Catalogue
LEADER 04345nam a22003617a 4500
001 44751
003 BD-DhAAL
005 20251110121154.0
008 250910t2024 |||a|||| |||| 00| 0 eng d
020 |a 9781917549042 
020 |a 1917549040 
040 |a BD-DhAAL  |c BD-DhAAL 
082 |a 004.6  |2 23 
100 |a Worely, Rick C.,  |e author.  |9 59218 
245 |a Computer networking bible :  |b 3 in 1.  |n The complete crash course to effectively design, implement and manage networks.  |n Including sections on security, performance and scalability /  |c Rick C. Worley. 
246 1 8 |a Computer networking bible 2025 
246 1 4 |a Computer networking bible 2025 :  |b 3 in 1 
260 |a [Place of publication not identified] :  |b Rick C. Worley,  |c 2024. 
300 |a 192 pages :  |b illustrations ;  |c 23 cm 
505 |a Introduction -- pt. 1. Networking fundamentals -- pt. 2. Building and managing networks -- pt. 3. Advanced networking topics -- Conclusion. 
520 |a "Specially written for the non-tech-savvy user, this concise and comprehensive handbook reveals how you can design, implement, and manage any computer network. Inside, you’ll discover the essential hardware that forms the backbone of a computer network, the must-know protocols that keep everything running smoothly, and how you can effectively secure your network to protect it from malicious users. Divided into 3 unique books that aim to give you a complete overview of the fundamentals behind networking, the Computer Networking Bible shares easy-to-digest advice and straightforward explanations, so that you can build your confidence and learn at your own pace as you deepen your knowledge of the essential technologies you use every day."--Back cover. 
526 |a CSE  |x Annajiat Alim Rasel Senior Lecturer Department of Computer Science and Engineering BRAC University Course Name :Computer Networks (CSE 421) ; Computer Networks (EEE 465) ; Computer Networks Laboratory (EEE 466) 
541 |a Trim Education  |e 44751, 44752, 44753, 44754, 44755 
650 |a Computer networks. 
650 |a Computer science. 
852 |a Ayesha Abed Library  |c General Stacks 
942 |c BK  |2 ddc 
999 |c 47429  |d 47429 
952 |0 0  |1 0  |2 ddc  |4 0  |6 004_600000000000000_WOR  |7 0  |9 78072  |a BRACUL  |b BRACUL  |c NEW  |d 2025-09-02  |e Trim Education  |g 5500.00  |l 0  |o 004.6 WOR  |p 3010044751  |r 2025-09-02  |t 1  |v 11000.00  |w 2025-09-02  |y BK  |x Requisitioned by Annajiat Alim Rasel (Senior Lecturer, Department of Computer Science and Engineering, BRAC University) for the course named- 'Computer Networks (CSE 421), Computer Networks (EEE 465), and Computer Networks Laboratory (EEE 466). 
952 |0 0  |1 0  |2 ddc  |4 0  |6 004_600000000000000_WOR  |7 0  |9 78073  |a BRACUL  |b BRACUL  |c GEN  |d 2025-09-02  |e Trim Education  |g 5500.00  |l 0  |o 004.6 WOR  |p 3010044752  |r 2025-09-02  |t 2  |v 11000.00  |w 2025-09-02  |y BK  |x Requisitioned by Annajiat Alim Rasel (Senior Lecturer, Department of Computer Science and Engineering, BRAC University) for the course named- 'Computer Networks (CSE 421), Computer Networks (EEE 465), and Computer Networks Laboratory (EEE 466). 
952 |0 0  |1 0  |2 ddc  |4 0  |6 004_600000000000000_WOR  |7 0  |9 78074  |a BRACUL  |b BRACUL  |c GEN  |d 2025-09-02  |e Trim Education  |g 5500.00  |l 0  |o 004.6 WOR  |p 3010044754  |r 2025-09-02  |t 4  |v 11000.00  |w 2025-09-02  |y BK  |x Requisitioned by Annajiat Alim Rasel (Senior Lecturer, Department of Computer Science and Engineering, BRAC University) for the course named- 'Computer Networks (CSE 421), Computer Networks (EEE 465), and Computer Networks Laboratory (EEE 466). 
952 |0 0  |1 0  |2 ddc  |4 0  |6 004_600000000000000_WOR  |7 0  |9 78075  |a BRACUL  |b BRACUL  |c GEN  |d 2025-09-02  |e Trim Education  |g 5500.00  |l 0  |o 004.6 WOR  |p 3010044753  |r 2025-09-02  |t 3  |v 11000.00  |w 2025-09-02  |y BK  |x Requisitioned by Annajiat Alim Rasel (Senior Lecturer, Department of Computer Science and Engineering, BRAC University) for the course named- 'Computer Networks (CSE 421), Computer Networks (EEE 465), and Computer Networks Laboratory (EEE 466). 
952 |0 0  |1 0  |2 ddc  |4 0  |6 004_600000000000000_WOR  |7 0  |9 78076  |a BRACUL  |b BRACUL  |c GEN  |d 2025-09-02  |e Trim Education  |g 5500.00  |l 0  |o 004.6 WOR  |p 3010044755  |r 2025-09-02  |t 5  |v 11000.00  |w 2025-09-02  |y BK  |x Requisitioned by Annajiat Alim Rasel (Senior Lecturer, Department of Computer Science and Engineering, BRAC University) for the course named- 'Computer Networks (CSE 421), Computer Networks (EEE 465), and Computer Networks Laboratory (EEE 466).